[Event "SVK-ch Blitz"]
[Site "Nitra"]
[Date "2022.10.29"]
[Round "7"]
[White "Belica, Kamil"]
[Black "Mikulas, Dusan"]
[Result "1/2-1/2"]
[WhiteElo "1754"]
[BlackElo "2016"]
[PlyCount "76"]
[EventDate "2022.10.29"]
[EventType "swiss"]
[EventRounds "13"]
[EventCountry "SVK"]
[SourceTitle "EXT 2024"]
[Source "ChessBase"]
[SourceDate "2023.10.10"]
[SourceVersion "1"]
[SourceVersionDate "2023.10.10"]
[SourceQuality "1"]

1. e4 c5 2. Nf3 d6 3. Bb5+ Nc6 4. c3 a6 5. Ba4 b5 6. Bc2 g6 7. 0-0 Bg7 8. d3 e5 9. Nbd2 Nge7 10. Re1 0-0 11. Nf1 f5 12. exf5 Nxf5 13. Ne3 Kh8 14. a4 b4 15. Bd2 Nh4 16. Nxh4 Qxh4 17. Qe2 Be6 18. f3 bxc3 19. bxc3 Rab8 20. Rab1 d5 21. Qf2 Qf6 22. Rxb8 Rxb8 23. Rb1 Rxb1+ 24. Bxb1 d4 25. cxd4 cxd4 26. Nc4 Qd8 27. Qe1 Qb8 28. Bc2 h6 29. Qe4 Nb4 30. Bxb4 Qxb4 31. Qa8+ Kh7 32. Qe4 Qc3 33. Qe2 Qa1+ 34. Kf2 Qc3 35. Nd6 Qb4 36. Ne8 Qc5 37. Nxg7 Kxg7 38. Qd2 a5 1/2-1/2

[Event "SVK-ch U12"]
[Site "Liptovsky Mikulas"]
[Date "2017.04.24"]
[Round "4"]
[White "Zumrik, Lukas"]
[Black "Belica, Kamil"]
[Result "0-1"]
[WhiteElo "1300"]
[BlackElo "1397"]
[PlyCount "72"]
[EventDate "2017.04.22"]
[EventType "swiss"]
[EventRounds "9"]
[EventCountry "SVK"]
[SourceTitle "CBM 178 Extra"]
[Source "ChessBase"]
[SourceDate "2017.06.22"]
[SourceVersion "1"]
[SourceVersionDate "2017.06.22"]
[SourceQuality "1"]

1. d4 d5 2. c4 e6 3. cxd5 exd5 4. Nc3 Nf6 5. Bg5 Nbd7 6. Nxd5 Nxd5 7. Bd2 N7b6 8. Rc1 Nb4 9. a3 Nc6 10. e3 Be7 11. Bd3 Bd7 12. Nf3 a6 13. h3 h6 14. 0-0 Qc8 15. Kh2 Bd6+ 16. Kg1 Be7 17. Kh2 Kd8 18. Re1 g5 19. Ng1 h5 20. Ne2 g4 21. Ng3 Bd6 22. Kg1 h4 23. Ne4 gxh3 24. Nxd6 cxd6 25. Qf3 hxg2 26. Qxg2 Kc7 27. Kh1 Bh3 28. Qf3 Rg8 29. Qxf7+ Qd7 30. Qxd7+ Kxd7 31. Rg1 Be6 32. Bh7 Rg4 33. f3 Rg3 34. Rxg3 hxg3 35. Kg2 Rh8 36. Bd3 Rh2+ 0-1

[Event "Liptovsky Mikulas V4 U15 op"]
[Site "Liptovsky Mikulas"]
[Date "2016.06.24"]
[Round "7"]
[White "Janikova, Katka"]
[Black "Belica, Kamil"]
[Result "1/2-1/2"]
[WhiteElo "1341"]
[BlackElo "1363"]
[PlyCount "52"]
[EventDate "2016.06.22"]
[EventType "swiss"]
[EventRounds "9"]
[EventCountry "SVK"]
[SourceTitle "CBM 173 Extra"]
[Source "ChessBase"]
[SourceDate "2016.08.29"]
[SourceVersion "1"]
[SourceVersionDate "2016.08.29"]
[SourceQuality "1"]

1. d4 d5 2. c4 e6 3. Nc3 Nf6 4. cxd5 exd5 5. Bg5 Be7 6. e3 Nc6 7. Nf3 Bf5 8. Be2 a6 9. 0-0 0-0 10. h3 h6 11. Bh4 Qd7 12. Re1 Rfe8 13. a3 Rab8 14. Bd3 Qe6 15. Qc2 Bxd3 16. Qxd3 Ne4 17. Bxe7 Rxe7 18. Ne2 Nf6 19. Nf4 Qe4 20. Qd2 g5 21. Nd3 Nd7 22. Rac1 Rc8 23. Qc2 f6 24. b4 Rg7 25. Nd2 Qh4 26. e4 Nxd4 1/2-1/2

[Event "Liptovsky Mikulas V4 U15 op"]
[Site "Liptovsky Mikulas"]
[Date "2016.06.22"]
[Round "1"]
[White "Nemcova, Karin"]
[Black "Belica, Kamil"]
[Result "1-0"]
[WhiteElo "1830"]
[BlackElo "1363"]
[PlyCount "117"]
[EventDate "2016.06.22"]
[EventType "swiss"]
[EventRounds "9"]
[EventCountry "SVK"]
[SourceTitle "CBM 173 Extra"]
[Source "ChessBase"]
[SourceDate "2016.08.29"]
[SourceVersion "1"]
[SourceVersionDate "2016.08.29"]
[SourceQuality "1"]

1. e4 d6 2. d4 Nf6 3. Nc3 g6 4. Nf3 Bg7 5. Bc4 0-0 6. 0-0 Nc6 7. h3 e6 8. Bb3 a6 9. Qe2 Nd7 10. Rd1 Re8 11. Be3 Na5 12. e5 Nxb3 13. axb3 dxe5 14. dxe5 Qe7 15. Bg5 f6 16. exf6 Bxf6 17. Bxf6 Nxf6 18. Qe5 b6 19. Re1 c5 20. Qe3 Bb7 21. Rad1 Bxf3 22. Qxf3 Rad8 23. Rxd8 Rxd8 24. Qe2 Nd5 25. Nxd5 Rxd5 26. Qxa6 Qd6 27. Qe2 Kf7 28. Qf3+ Rf5 29. Qb7+ Kf6 30. Qxh7 Qd2 31. Qh8+ Kf7 32. Rf1 Qxc2 33. Qc3 Qxc3 34. bxc3 Rd5 35. Rc1 b5 36. c4 bxc4 37. Rxc4 Rd3 38. Rxc5 Rxb3 39. g3 Kf6 40. Kg2 Rd3 41. h4 e5 42. g4 Rd4 43. Kg3 Rd3+ 44. Kg2 Rd4 45. f3 Rd2+ 46. Kg3 Rd3 47. Rc6+ Kg7 48. Re6 Rd5 49. g5 Kf7 50. Rf6+ Kg7 51. Ra6 Kf7 52. Ra7+ Kg8 53. Ra4 Kg7 54. Kg4 Rd1 55. Re4 Rg1+ 56. Kh3 Rf1 57. Kg2 Ra1 58. Rxe5 Ra2+ 59. Kg3 1-0

[Event "Liptovsky Mikulas V4 U15 op"]
[Site "Liptovsky Mikulas"]
[Date "2016.06.22"]
[Round "3"]
[White "Stevik, Patrik"]
[Black "Belica, Kamil"]
[Result "1-0"]
[WhiteElo "1654"]
[BlackElo "1363"]
[PlyCount "107"]
[EventDate "2016.06.22"]
[EventType "swiss"]
[EventRounds "9"]
[EventCountry "SVK"]
[SourceTitle "CBM 173 Extra"]
[Source "ChessBase"]
[SourceDate "2016.08.29"]
[SourceVersion "1"]
[SourceVersionDate "2016.08.29"]
[SourceQuality "1"]

1. e4 e5 2. Nf3 Nc6 3. Bb5 a6 4. Ba4 d6 5. d4 exd4 6. Nxd4 Bd7 7. Nc3 Nf6 8. 0-0 Be7 9. h3 0-0 10. Re1 b5 11. Bb3 Nxd4 12. Qxd4 c5 13. Qd3 c4 14. Bxc4 bxc4 15. Qxc4 Qc8 16. Qd3 Re8 17. Bf4 Bb5 18. Nxb5 axb5 19. a3 Qc4 20. Rad1 d5 21. Qxc4 dxc4 22. g4 Rad8 23. f3 Rxd1 24. Rxd1 Rd8 25. Rxd8+ Bxd8 26. Be3 Be7 27. Kf2 c3 28. b4 Nd7 29. Bd4 Bf6 30. Bxf6 gxf6 31. Ke3 Ne5 32. f4 Nc4+ 33. Kd4 Nxa3 34. Kxc3 Nc4 35. Kd4 Na3 36. c3 Nb1 37. h4 Kf8 38. c4 bxc4 39. Kxc4 Nd2+ 40. Kd5 Nb3 41. b5 Na5 42. Kd6 Nb7+ 43. Kc7 Na5 44. b6 Ke7 45. h5 Ke6 46. Kd8 Nb7+ 47. Kc7 Na5 48. b7 Nxb7 49. Kxb7 Kd6 50. Kb6 Ke6 51. Kc6 Ke7 52. Kc7 Ke6 53. Kd8 Kd6 54. Ke8 1-0

[Event "SVK-ch U12"]
[Site "Liptovsky Mikulas"]
[Date "2016.04.21"]
[Round "7"]
[White "Belica, Kamil"]
[Black "Brnusak, Tomas"]
[Result "0-1"]
[WhiteElo "1381"]
[BlackElo "1615"]
[PlyCount "54"]
[EventDate "2016.04.16"]
[EventType "swiss"]
[EventRounds "9"]
[EventCountry "SVK"]
[SourceTitle "CBM 172 Extra"]
[Source "ChessBase"]
[SourceDate "2016.06.21"]
[SourceVersion "1"]
[SourceVersionDate "2016.06.21"]
[SourceQuality "1"]

1. e4 b6 2. d4 Bb7 3. Nc3 e6 4. Nf3 Bb4 5. Bd3 Nf6 6. Bg5 h6 7. Bxf6 Qxf6 8. e5 Qd8 9. a3 Be7 10. Be2 d6 11. exd6 cxd6 12. d5 e5 13. Bb5+ Nd7 14. Bxd7+ Qxd7 15. Qe2 0-0 16. Rd1 Rac8 17. h3 f5 18. h4 Bf6 19. Rd2 a6 20. Qe3 b5 21. Kd1 Rc7 22. Re1 Rfc8 23. Ree2 Rc5 24. Ne1 Bxh4 25. Nd3 Rc4 26. g3 Bf6 27. f3 Rd4 0-1

[Event "SVK-ch U12"]
[Site "Liptovsky Mikulas"]
[Date "2016.04.18"]
[Round "3"]
[White "Belica, Kamil"]
[Black "Beres, Tomas"]
[Result "1/2-1/2"]
[WhiteElo "1381"]
[BlackElo "1000"]
[PlyCount "24"]
[EventDate "2016.04.16"]
[EventType "swiss"]
[EventRounds "9"]
[EventCountry "SVK"]
[SourceTitle "CBM 172 Extra"]
[Source "ChessBase"]
[SourceDate "2016.06.21"]
[SourceVersion "1"]
[SourceVersionDate "2016.06.21"]
[SourceQuality "1"]

1. c4 d6 2. d4 Nf6 3. Nf3 g6 4. e3 Bg7 5. Nc3 0-0 6. Be2 c6 7. 0-0 Qc7 8. Bd2 e5 9. d5 Bf5 10. Rc1 a6 11. dxc6 bxc6 12. Nh4 Be6 1/2-1/2

[Event "SVK-ch U12"]
[Site "Liptovsky Mikulas"]
[Date "2016.04.16"]
[Round "1"]
[White "Belica, Kamil"]
[Black "Sobek, Michal"]
[Result "0-1"]
[WhiteElo "1381"]
[BlackElo "1898"]
[PlyCount "38"]
[EventDate "2016.04.16"]
[EventType "swiss"]
[EventRounds "9"]
[EventCountry "SVK"]
[SourceTitle "CBM 172 Extra"]
[Source "ChessBase"]
[SourceDate "2016.06.21"]
[SourceVersion "1"]
[SourceVersionDate "2016.06.21"]
[SourceQuality "1"]

1. e4 e5 2. Nf3 Nc6 3. Bc4 Nf6 4. Ng5 d5 5. exd5 Na5 6. Bb5+ c6 7. dxc6 bxc6 8. Be2 h6 9. Nf3 e4 10. Ne5 Bc5 11. 0-0 0-0 12. d3 Bd6 13. d4 Qe7 14. Bf4 Rb8 15. Qd2 Nd5 16. Qxa5 Nxf4 17. Qd2 Bxe5 18. dxe5 Qxe5 19. Nc3 Qg5 0-1

[Event "SVK-ch U10"]
[Site "Tatralandia"]
[Date "2015.04.19"]
[Round "2"]
[White "Bochnicka, Vladimir"]
[Black "Belica, Kamil"]
[Result "1-0"]
[WhiteElo "1750"]
[BlackElo "1285"]
[PlyCount "79"]
[EventDate "2015.04.18"]
[EventType "swiss"]
[EventRounds "9"]
[EventCountry "SVK"]
[SourceTitle "CBM 166 Extra"]
[Source "ChessBase"]
[SourceDate "2015.06.18"]
[SourceVersion "1"]
[SourceVersionDate "2015.06.18"]
[SourceQuality "1"]

1. e4 e6 2. d4 d5 3. exd5 exd5 4. c4 Nf6 5. Nc3 Nc6 6. Be3 Bb4 7. a3 Bxc3+ 8. bxc3 Be6 9. cxd5 Nxd5 10. Bd2 0-0 11. c4 Nb6 12. d5 Nxd5 13. cxd5 Bxd5 14. Qg4 Re8+ 15. Be2 Qc8 16. Qxc8 Raxc8 17. f3 Nd4 18. Kf2 Nb3 19. Rd1 Nxd2 20. Rxd2 Be6 21. f4 Rcd8 22. Nf3 Rxd2 23. Nxd2 Rd8 24. Nf3 Bg4 25. Rd1 Rxd1 26. Bxd1 Bxf3 27. Kxf3 b6 28. Ke4 Kf8 29. Kd5 Ke7 30. Kc6 Kd8 31. g4 f6 32. h4 g6 33. g5 f5 34. Bb3 a5 35. Bg8 Ke7 36. a4 Kf8 37. Bc4 Kg7 38. Kxc7 h6 39. Kxb6 h5 40. Kxa5 1-0